<?xml version="1.0" encoding="UTF-8"?><?xml-stylesheet type="text/xsl" href="static/style.xsl"?><OAI-PMH xmlns="http://www.openarchives.org/OAI/2.0/" xmlns:xsi="http://www.w3.org/2001/XMLSchema-instance" xsi:schemaLocation="http://www.openarchives.org/OAI/2.0/ http://www.openarchives.org/OAI/2.0/OAI-PMH.xsd"><responseDate>2026-04-26T23:12:49Z</responseDate><request verb="GetRecord" identifier="oai:repisalud.isciii.es:20.500.12105/26578" metadataPrefix="marc">https://repisalud.isciii.es/rest/oai/request</request><GetRecord><record><header><identifier>oai:repisalud.isciii.es:20.500.12105/26578</identifier><datestamp>2025-12-18T12:59:37Z</datestamp><setSpec>com_20.500.12105_2052</setSpec><setSpec>com_20.500.12105_2051</setSpec><setSpec>col_20.500.12105_19609</setSpec></header><metadata><record xmlns="http://www.loc.gov/MARC21/slim" xmlns:dcterms="http://purl.org/dc/terms/" xmlns:doc="http://www.lyncode.com/xoai" xmlns:xsi="http://www.w3.org/2001/XMLSchema-instance" xsi:schemaLocation="http://www.loc.gov/MARC21/slim http://www.loc.gov/standards/marcxml/schema/MARC21slim.xsd">
   <leader>00925njm 22002777a 4500</leader>
   <datafield ind2=" " ind1=" " tag="042">
      <subfield code="a">dc</subfield>
   </datafield>
   <datafield ind2=" " ind1=" " tag="720">
      <subfield code="a">Zaragoza, Gloria</subfield>
      <subfield code="e">author</subfield>
   </datafield>
   <datafield ind2=" " ind1=" " tag="720">
      <subfield code="a">Perez-Vazquez, Maria</subfield>
      <subfield code="e">author</subfield>
   </datafield>
   <datafield ind2=" " ind1=" " tag="720">
      <subfield code="a">Villar-Gómara, Laura</subfield>
      <subfield code="e">author</subfield>
   </datafield>
   <datafield ind2=" " ind1=" " tag="720">
      <subfield code="a">González-Prieto, Andrea</subfield>
      <subfield code="e">author</subfield>
   </datafield>
   <datafield ind2=" " ind1=" " tag="720">
      <subfield code="a">Oteo-Iglesias, Jesus</subfield>
      <subfield code="e">author</subfield>
   </datafield>
   <datafield ind2=" " ind1=" " tag="720">
      <subfield code="a">Alós, Juan-Ignacio</subfield>
      <subfield code="e">author</subfield>
   </datafield>
   <datafield ind2=" " ind1=" " tag="260">
      <subfield code="c">2024-02-27</subfield>
   </datafield>
   <datafield ind2=" " ind1=" " tag="520">
      <subfield code="a">Escherichia coli isolates that are resistant to cefixime and amoxicillin/clavulanic acid, but apparently susceptible to cefuroxime, with no ESBL identified, were initially detected in Madrid from urine samples in 2019. Throughout 2020 and 2021, all cases of community UTI by E. coli from six health areas in Madrid were studied. A representative sample of 23 cases was selected for further studies. The broth microdilution method and the agar diffusion method were performed to determine the antibiotic susceptibility. WGS was carried out for phylogeny, resistome and virulome analysis. Community consumption of third-generation oral cephalosporins in Madrid (2017-2021) was analyzed. A total of 582 (1.3%) E. coli isolates had the mentioned resistance profile. The mutation at position -32 (T > A) of the AmpC promoter was found in 21 isolates. No plasmid AmpC- or ESBL-encoding genes were detected. A cluster of 20 ST12 isolates was detected by cgMLST. A 6.2% increase in the consumption of third-generation oral cephalosporins, especially cefixime, was observed in Madrid. Chromosomal AmpC-hyperproducing ST12 E. coli isolates could be implicated in the increase in community UTI cases by cefixime-resistant isolates, which correlates with an increasing trend of cefixime consumption.</subfield>
   </datafield>
   <datafield ind1="8" ind2=" " tag="024">
      <subfield code="a">Zaragoza G, Pérez-Vázquez M, Villar-Gómara L, González-Prieto A, Oteo-Iglesias J, Alós JI. Community Emergence of Cefixime-Resistant Escherichia coli Belonging to ST12 with Chromosomal AmpC Hyperproduction. Antibiotics (Basel). 2024 Feb 27;13(3):218.</subfield>
   </datafield>
   <datafield ind1="8" ind2=" " tag="024">
      <subfield code="a">https://hdl.handle.net/20.500.12105/26578</subfield>
   </datafield>
   <datafield ind1="8" ind2=" " tag="024">
      <subfield code="a">38534653</subfield>
   </datafield>
   <datafield ind1="8" ind2=" " tag="024">
      <subfield code="a">10.3390/antibiotics13030218</subfield>
   </datafield>
   <datafield ind1="8" ind2=" " tag="024">
      <subfield code="a">2079-6382</subfield>
   </datafield>
   <datafield ind1="8" ind2=" " tag="024">
      <subfield code="a">Antibiotics (Basel, Switzerland)</subfield>
   </datafield>
   <datafield tag="653" ind2=" " ind1=" ">
      <subfield code="a">AmpC</subfield>
   </datafield>
   <datafield tag="653" ind2=" " ind1=" ">
      <subfield code="a">Escherichia coli</subfield>
   </datafield>
   <datafield tag="653" ind2=" " ind1=" ">
      <subfield code="a">ST12</subfield>
   </datafield>
   <datafield tag="653" ind2=" " ind1=" ">
      <subfield code="a">Cefixime</subfield>
   </datafield>
   <datafield ind2="0" ind1="0" tag="245">
      <subfield code="a">Community Emergence of Cefixime-Resistant Escherichia coli Belonging to ST12 with Chromosomal AmpC Hyperproduction</subfield>
   </datafield>
</record></metadata></record></GetRecord></OAI-PMH>